Διεθνής σύμβαση για τα πρότυπα εκπαίδευσης & πιστοποίησης ναυτικών προς εκτέλεση φυλακής γεφυράς - μηχανής SRCW, τροποποίηση 1995 : αναλύσεις και οδηγίες για την εφαρμογή των Νέων Απαιτήσεων, χρήσιμες ερωτήσεις-απαντήσεις με παραδείγματα
Αποθηκεύτηκε σε:
| Κύριος συγγραφέας: | |
|---|---|
| Άλλοι συγγραφείς: | |
| Μορφή: | Βιβλίο |
| Γλώσσα: | Greek |
| Δημοσίευση: |
Πειραιάς :
J & J Hellas,
1997
|
| Θέματα: | |
| Ετικέτες: |
Προσθήκη ετικέτας
Δεν υπάρχουν, Καταχωρήστε ετικέτα πρώτοι!
|
MARC
| LEADER | 00000nam a2200000 i 4500 | ||
|---|---|---|---|
| 001 | 1/66417 | ||
| 008 | 980909s1997 gre d | ||
| 020 | |a 9608461014 | ||
| 035 | |l 10029815 | ||
| 040 | |a GR-MY-UA |b gre |e aacr | ||
| 041 | 0 | |a gre | |
| 082 | 0 | |a 387.5071 | |
| 100 | 1 | |a Θεμέλαρος, Νικόλαος. | |
| 245 | 1 | 0 | |a Διεθνής σύμβαση για τα πρότυπα εκπαίδευσης & πιστοποίησης ναυτικών προς εκτέλεση φυλακής γεφυράς - μηχανής SRCW, τροποποίηση 1995 : |b αναλύσεις και οδηγίες για την εφαρμογή των Νέων Απαιτήσεων, χρήσιμες ερωτήσεις-απαντήσεις με παραδείγματα / |c Νίκος Θεμέλαρος ; μετ.: Παναγιώτης Μαυρομιχάλης |
| 260 | |a Πειραιάς : |b J & J Hellas, |c 1997 | ||
| 300 | |a 419 σ. | ||
| 650 | 0 | 0 | |a Merchant marine |x Officers |x Training of. |
| 650 | 0 | 0 | |a Merchant mariners |x Certification. |
| 650 | 0 | 0 | |a Seamanship |x Study & teaching. |
| 650 | 0 | 0 | |a Merchant marine |x Watch duty. |
| 700 | 1 | |a Μαυρομιχάλης, Παναγιώτης. |4 trl | |
| 852 | |a INST |b CHIOS |e 19980909 |h 387.5071 ΘΕΜ |p 005200015635 |q 005200015635 |t BK |y 0 | ||
| 901 | |a BIBL-1998-3 | ||
| 909 | |a Χ |b 054839 | ||
| 922 | |a 2ΕΛΗ |b 199809 |c ΤΝΕΥ |d ΜΑΝΤΑΡΑΚΗΣ | ||